Quizzes
Events
Quiz Creation
Community
Videos
Private Events
Remove Ads
Sign In
Join for FREE
Feedback
Dark Mode
Quiz Categories
Sports
Geography
Music
Movies
Television
Just For Fun
Miscellaneous
History
Literature
Language
Science
Gaming
Entertainment
Religion
Holiday
For Kids
Quiz Lab
Recent
Popular Today
Quiz Kudos Today
Editor Picks
Curator Picks
Quizzes by...
Day
Popularity
Type
Ratings
Length
Year
Community
Subscriptions
Recent Discussions
Orange Saloon
Badges
Playlists
Quests
Create
Leaderboards
Showdown
Live 5
Trivia Bingo
Activity
Puzzle Library
Sporcle Events
Private Events
Virtual Trivia
Globe League
Become a Host
Pub Owners
SporcleCon
Opinionation
Our Games
Videos
Blog
Mobile Apps
Partnerships
Remove Ads and Go Orange
Feedback
Music
Pop Music
The Beatles
Song
Album
Lyrics
Bands
Singers
Artist
Clip
Rock
Rap
Classical
Billboard
Country Music
Kpop
Taylor Swift
Music
Pop Music
The Beatles
Song
Album
Lyrics
Bands
Singers
Artist
Clip
Rock
Rap
Classical
Billboard
Country Music
Kpop
Taylor Swift
Random Quiz
Search Sporcle
×
Quiz Lab
Quiz Lab
Music
Rock
Type in answers that appear in a list
Type in answers that appear in a list
Classic
Best Score? Go Orange.
Vh1 Top 100 Hard Rock Songs Stats
Can you name the Vh1 Top 100 Hard Rock Songs?
By
Brett0440
20m
100 Questions
235 Plays
235 Plays
235 Plays
Comments
Comments
Give Quiz Kudos
Give Quiz Kudos
-
- Ratings
hide this ad
More Info
Replay
Link that replays current quiz
Next Quiz
Link to next quiz in quiz playlist
You Got
0%
They Got
Avg Score
40%
Avg Friend Score
Upgrade to see
Score Distribution
Jump to the score distribution portion of the page
Score
0/100
Timer
20:00
0
Plays Today
Number
Song
% Correct
1
Welcome to the Jungle
72.3%
2
Back in Black
71.1%
7
Smells Like Teen Spirit
66.4%
66
The Final Countdown
65.5%
23
Crazy Train
65.1%
5
Enter Sandman
64.7%
63
Eye of the Tiger
63.8%
100
I Can’t Drive 55
62.6%
4
Paranoid
61.3%
11
Smoke on the Water
60.9%
53
Born to Be Wild
60.4%
26
Free Bird
60%
19
Tom Sawyer
55.7%
18
Rock You Like a Hurricane
55.3%
56
Cherry Pie
54.9%
57
You Really Got Me
54%
39
More Than A Feeling
54%
35
School’s Out
53.6%
55
Don’t Fear the Reaper
51.9%
32
Cat Scratch Fever
51.9%
8
Walk This Way
51.9%
10
Ace of Spades
51.5%
3
Whole Lotta Love
51.1%
61
Round and Round
50.6%
90
Aqualung
50.2%
77
Black Hole Sun
50.2%
34
Barracuda
50.2%
75
Seven Nation Army
49.4%
25
Blitzkrieg Bop
49.4%
37
My Generation
48.9%
13
Photograph
48.9%
54
Epic
47.2%
20
You Give Love a Bad Name
47.2%
14
Run To The Hills
47.2%
Number
Song
% Correct
21
Kashmir
46%
44
Sunshine of Your Love
45.5%
15
Dr. Feelgood
45.1%
12
Breaking the Law
44.3%
45
Slow Ride
43.8%
28
Everlong
43.8%
17
I Wanna Rock
43.8%
97
Frankenstein
43.4%
83
Bring Me to Life
43.4%
60
18 and Life
43%
30
Even Flow
42.6%
48
Freak on a Leash
42.1%
36
Hot For Teacher
42.1%
33
Basket Case
42.1%
86
The Beautiful People
41.7%
6
Won’t Get Fooled Again
41.3%
96
Carry on Wayward Son
40.9%
50
Give It Away
40.9%
79
Rebel Yell
40.4%
59
The Stroke
40.4%
69
Cult of Personality
39.6%
91
Bullet with Butterfly Wings
38.3%
24
In-A-Gadda-Da-Vida
38.3%
95
Higher
37.9%
42
Should I Stay or Should I Go
37.9%
94
I Believe in a Thing Called Love
37%
43
Holy Diver
37%
41
Cum on Feel the Noize
36.6%
22
Hey Joe
36.6%
73
Jailbreak
35.7%
52
Cherry Bomb
35.3%
93
Turn Up the Radio
34.9%
87
Seventeen
34.5%
58
Interstate Love Song
34%
Number
Song
% Correct
51
Peace Sells
32.8%
16
Rock and Roll All Nite
32.8%
88
Would?
30.6%
70
Hot Blooded
30.6%
40
Talk Dirty To Me
30.2%
27
Still of the Night
30.2%
89
Party Hard
29.4%
76
Kiss Me Deadly
29.4%
65
Kick Out the Jams
29.4%
29
Bad Reputation
29.4%
72
Heartbreaker
28.5%
31
Dirty Deeds Done Dirt Cheap
28.1%
9
Runnin With the Devil
27.7%
67
Tush
25.5%
78
Feel Like Making Love
24.3%
85
Slither
23.8%
81
Heaven and Hell
23.4%
98
Lit Up
22.6%
80
Any Way You Want It
22.1%
64
Liar
21.3%
68
More Human Than Human
20.4%
47
Bawitdaba
20%
38
Stone Cold Crazy
18.7%
71
Mountain Song
17.4%
99
We’re an American Band
16.2%
49
Search and Destroy
15.3%
46
Madhouse
15.3%
62
Breaking the Chains
14.9%
82
Since You Been Gone
14%
74
Love Removal Machine
12.8%
84
I Wanna Be Somebody
11.5%
92
Don’t Tell Me You Love Me
7.2%
Quiz Playlist
Details
Report
Send in Message
Add To Playlist
More Info:
The year is when the song was relesed
Classic:
Type in answers that appear in a list
Last Updated: Feb 16, 2017
Quiz Scoreboard
CHALLENGE
Sign Up to Join the Scoreboard
Show All
Scores
Hide
Comments
May contain spoilers
Recently Published
Movies - When Are They Set?
by FPL_Elf
Movies
5m
Popular People in 1961
by mucciniale
History
6m
1-10 Letter E Words III
by El_Dandy
Language
2m
More to Explore
Quiz From the Vault
Featured Blog Post
Where Did the Easter Bunny Come From?
hide this ad
You Might Also Like...
Tags
Artist Quiz
Bands Quiz
Rock Quiz
Song Quiz
100
hard
Hard Rock
Top 100
VH1
Today's Top Quizzes in Music
Browse Music
hide this ad
Today's Top Quizzes in Rock
Browse Rock
Top Contributed Quizzes in Music
1
Taylor Swift All Songs (2024)
2
2010s Album by Cover III
3
One Thing in Common: Music
4
Taylor Swift Logic Puzzle
5
Guess the Artist- 70s Songs
6
2010s Album by Cover IV
7
Guess the Taylor Swift song (Mystery Song)
8
2010s Album by Cover V
9
Lana Del Rey Discography (BTD to DYKTTATUOB)
10
2010s Album by Cover VI
Explore More
Trending Topics
NBA
Crossword
Kpop
Disney
Marvel
Harry Potter
Anime
WWE
The Office
Soccer
Puzzle
Pokémon
Country
NFL
Song
hide this ad
More By:
Brett0440
Quiz
Plays
Rating
Category
Featured
Created
QB Who had Over 3000 Yards passing from 2000-2009
3,962
4.52
Sports
Oct 16, 2011
QB Who had Over 3000 Yards passing from 1990-1999
2,032
4.50
Sports
Jan 30, 2012
NHL All Time Goalies Wins Leader by Team
1,784
4.10
Sports
Jun 18, 2013
VH1's 100 Greatest Songs of the 90's
828
1.50
Music
Aug 14, 2011
NHL All Time Goal Leaders By Team
711
4.33
Sports
Jul 31, 2012
Go to Creator's Profile
Score Distribution
Quiz Creator Spotlight
Brett0440
Follow
Send a Message
Quizzes Created
-
Created Quiz Play Count
-
More By This Creator
Popular Quizzes Today
1
Find the US States - No Outlines Minefield
2
Find the Countries of Europe - No Outlines Minefield
3
The Countries of the World
4
Popular People in 1961
5
1-10 Letter E Words III
6
US States
7
Find the US States
8
One Thing in Common: World Cities II
More Music Quizzes
Greatest Songs by Lyric (1-25)
Published
Trending Quizzes
Risky Map Clicking: Least Populous States A-Z
1-10 Letter F Words
1-10 Letter G Words
One Thing in Common: United Kingdom
Risky Map Clicking: Next State Alphabetically
Recently Updated
Leaping Animals
pecheneg
Reality TV Shows (A-Z)
bhenderson79
Rickey Henderson's Hall of Fame Teammates
pecheneg
Champions League XIs: Arsenal
pecheneg
Quick Pick: Celebrities in WWE's Hall of Fame
aduchscher
A-Z Keypad Blitz II
pecheneg
Multiple Oscar Actors
pecheneg
Mystery Phrase Blitz: Oscar 'Best Actors'
pecheneg
F. Scott Fitzgerald Novels
LTH
Pick 3 Villains
ddd62291
Trending Topics
Harry Potter
Disney
Crossword
Kpop
Anime
NBA
Marvel
Pokémon
Puzzle
Soccer
Country
WWE
NFL
Song
The Office
Your Account Isn't Verified!
In order to create a playlist on Sporcle, you need to verify the email address you used during registration. Go to your
Sporcle Settings
to finish the process.
Report this User
Report this user for behavior that violates our
Community Guidelines
.
Details:
Send Report
Go to the Sporcle.com Mobile Site →
Comments